|
|
|
|
| LEADER |
00810pam a22002298a 4500 |
| 001 |
00045758 |
| 005 |
20200903090910.0 |
| 008 |
110812s2002 ||||||viesd |
| 020 |
# |
# |
|a 9786040197634
|c 9000
|
| 041 |
0 |
# |
|a vie
|
| 082 |
1 |
4 |
|a 372.63
|b T123V
|
| 100 |
# |
# |
|a Bùi, Mạnh Hùng
|
| 245 |
0 |
0 |
|a Tập viết 1
|c Bùi Mạnh Hùng, Phạm Kim Chung
|n T.1
|
| 260 |
# |
# |
|c 2020
|a Hà Nội
|b Giáo dục
|
| 300 |
# |
# |
|a 52 tr.
|b minh hoạ màu
|c 24 cm
|
| 490 |
# |
# |
|a Kết nối tri thức với cuộc sống
|
| 653 |
# |
# |
|a Lớp 1
|
| 653 |
# |
# |
|a Tiếng Việt
|
| 653 |
# |
# |
|a Tập viết
|
| 700 |
1 |
# |
|a Phạm, Kim Chung
|
| 852 |
# |
# |
|j KD.0027400
|j KGT.0060081
|j KGT.0060082
|j KGT.0060079
|j KGT.0060080
|
| 980 |
# |
# |
|a Trung tâm Học liệu Lê Vũ Hùng, Trường Đại học Đồng Tháp
|